The fruits and fruit-trees of America, or, the culture, propagation, and management, in the garden and orchard of fruit-trees generally : with descriptions of all the finest varieties of fruit, native and foreign, cultivated in this country /

Bibliographic Details
Main Author: Downing, A. J. (Andrew Jackson), 1815-1852
Other Authors: Downing, Charles
Format: Book
Language:English
Published: New York : Wiley and Sons, 1893
Edition:2nd revision and correction, with large additions, including the appendices of 1872 to 1881 and containing many new varieties / by Charles Downing.
Subjects:

MARC

Tag First Indicator Second Indicator Subfields
LEADER 00000cam a2200000 a 4500
001 in00000020964
005 20151007055535.0
008 880825c18931872nyua b 00110 eng d
035 |a (OCoLC)18403847 
035 |9 AAB8533AM 
040 |a TXA  |c TXA  |d UtOrBLW 
043 |a n-us--- 
049 |a TXAM  |c [A09030504] 
050 4 |a SB355  |b .D68 1893 
100 1 |a Downing, A. J.  |q (Andrew Jackson),  |d 1815-1852. 
245 1 4 |a The fruits and fruit-trees of America, or, the culture, propagation, and management, in the garden and orchard of fruit-trees generally :  |b with descriptions of all the finest varieties of fruit, native and foreign, cultivated in this country /  |c by A.J. Downing. 
250 |a 2nd revision and correction, with large additions, including the appendices of 1872 to 1881 and containing many new varieties / by Charles Downing. 
264 1 |a New York :  |b Wiley and Sons,  |c 1893 
264 4 |c ©1872 
300 |a xxiv, 1098, xii, 189 pages :  |b illustrations ;  |c 24 cm. 
336 |a text  |b txt  |2 rdacontent 
337 |a unmediated  |b n  |2 rdamedia 
338 |a volume  |b nc  |2 rdacarrier 
504 |a "Books quoted": pages [xxi]-xxiv. 
500 |a Includes indexes. 
650 0 |a Fruit-culture  |z United States. 
650 0 |a Fruit. 
700 1 |a Downing, Charles. 
999 |a MARS 
999 f f |s 9fb05984-b201-3463-b2b6-3d1bcf878a64  |i 7bc3b1d3-dc1e-365e-935d-f98983c90214  |t 0 
952 f f |p ric  |a Texas A&M University  |b Rellis Campus  |c Joint Library Facility  |d Remote Storage  |t 0  |e SB355 .D68 1893  |h Library of Congress classification  |i unmediated -- volume  |m A14809030504 
998 f f |a SB355 .D68 1893  |t 0  |l Remote Storage